| 000 | 01144nam0a2200337 4500 | ||
|---|---|---|---|
| 001 | RU\NLR\BIBL_A\011439919 | ||
| 005 | 20241103103829.0 | ||
| 010 |
_a9785171040482 _93000 |
||
| 021 |
_aRU _b2017-45928 _93315 |
||
| 035 | _a(RuMoRGB)008919710 | ||
| 035 | _a(NLR Aleph) 011439919 | ||
| 090 |
_a11696174 _c11696174 |
||
| 100 | _a20170717d2017 c y0rusy50 ca | ||
| 101 | 0 | _arus | |
| 102 | _aRU | ||
| 105 | _aa|||z 000zy | ||
| 200 | 1 |
_aЖивотные _e[для младшего школьного возраста] _fД. В. Кошевар |
|
| 210 |
_aМосква _cАСТ _d2017 |
||
| 215 |
_a63 с. _cцв. ил. _d22 |
||
| 225 | 1 | _aДетская научно-популярная энциклопедия | |
| 300 | _aНа обл. авт. не указан | ||
| 333 | _a6+ | ||
| 606 |
_aЖивотные _jЭнциклопедии для детей _91163614 _3RU\NLR\AUTH\66148196 |
||
| 686 |
_aШ9:Е6я20(2) _2rubbk |
||
| 686 | 0 |
_aШ9 _bЕ5 |
|
| 700 | 1 |
_aКошевар _bД. В. _gДмитрий Васильевич |
|
| 942 | _cBOOK | ||
| 980 | _aNBR | ||